Statistics for Country to Population Click Quiz (Every Country)

Click here to take the quiz!

General Stats

  • This quiz has been taken 1,290 times
  • The average score is 108 of 196

Answer Stats

HintAnswer% Correct
San Marino0 to 1 million
71%
Monaco0 to 1 million
70%
Saint Kitts and Nevis0 to 1 million
70%
Vatican City0 to 1 million
70%
Saint Vincent and the Grenadines0 to 1 million
70%
Germany10 to 100 million
70%
China100+ million
70%
Nauru0 to 1 million
69%
Saint Lucia0 to 1 million
69%
Tuvalu0 to 1 million
69%
France10 to 100 million
69%
Ukraine10 to 100 million
69%
United States100+ million
69%
Marshall Islands0 to 1 million
68%
Palau0 to 1 million
68%
Estonia1 to 10 million
68%
Slovenia1 to 10 million
68%
Bosnia and Herzegovina1 to 10 million
68%
Lithuania1 to 10 million
68%
Poland10 to 100 million
68%
Argentina10 to 100 million
68%
Spain10 to 100 million
68%
United Kingdom10 to 100 million
68%
Kiribati0 to 1 million
67%
Antigua and Barbuda0 to 1 million
67%
Slovakia1 to 10 million
67%
Albania1 to 10 million
67%
Latvia1 to 10 million
67%
Peru10 to 100 million
67%
Venezuela10 to 100 million
67%
Australia10 to 100 million
67%
Italy10 to 100 million
67%
Colombia10 to 100 million
67%
Saudi Arabia10 to 100 million
67%
Canada10 to 100 million
67%
India100+ million
67%
Liechtenstein0 to 1 million
66%
Vanuatu0 to 1 million
66%
Federated States of Micronesia0 to 1 million
66%
Andorra0 to 1 million
66%
Iraq10 to 100 million
66%
Kenya10 to 100 million
66%
Afghanistan10 to 100 million
66%
Algeria10 to 100 million
66%
Thailand10 to 100 million
66%
South Korea10 to 100 million
66%
Sudan10 to 100 million
66%
Samoa0 to 1 million
65%
Tonga0 to 1 million
65%
Armenia1 to 10 million
65%
North Macedonia1 to 10 million
65%
Georgia1 to 10 million
65%
Malaysia10 to 100 million
65%
South Africa10 to 100 million
65%
Myanmar10 to 100 million
65%
Solomon Islands0 to 1 million
64%
Grenada0 to 1 million
64%
Moldova1 to 10 million
64%
Turkey10 to 100 million
64%
Brazil100+ million
64%
Russia100+ million
64%
São Tomé and Principe0 to 1 million
63%
Ireland1 to 10 million
63%
Denmark1 to 10 million
63%
Lebanon1 to 10 million
63%
Croatia1 to 10 million
63%
Uganda10 to 100 million
63%
Somalia10 to 100 million
63%
Tanzania10 to 100 million
63%
Angola10 to 100 million
63%
Chile10 to 100 million
63%
Indonesia100+ million
63%
Malta0 to 1 million
62%
Seychelles0 to 1 million
62%
Costa Rica1 to 10 million
62%
Morocco10 to 100 million
62%
Finland1 to 10 million
61%
Jamaica1 to 10 million
61%
Kyrgyzstan1 to 10 million
61%
Iran10 to 100 million
61%
Cameroon10 to 100 million
61%
Ghana10 to 100 million
61%
Mozambique10 to 100 million
61%
Barbados0 to 1 million
60%
Kuwait1 to 10 million
60%
Tajikistan1 to 10 million
60%
North Korea10 to 100 million
60%
Romania10 to 100 million
60%
Japan100+ million
60%
Nigeria100+ million
60%
Maldives0 to 1 million
59%
Dominica0 to 1 million
59%
Panama1 to 10 million
59%
Norway1 to 10 million
59%
Qatar1 to 10 million
59%
Mongolia1 to 10 million
58%
New Zealand1 to 10 million
58%
Liberia1 to 10 million
58%
Uruguay1 to 10 million
58%
Syria10 to 100 million
58%
Bangladesh100+ million
58%
Pakistan100+ million
58%
Comoros0 to 1 million
57%
El Salvador1 to 10 million
57%
Switzerland1 to 10 million
57%
Serbia1 to 10 million
57%
Niger10 to 100 million
57%
Mali10 to 100 million
57%
Taiwan10 to 100 million
57%
Singapore1 to 10 million
56%
Netherlands10 to 100 million
56%
Luxembourg0 to 1 million
55%
Senegal10 to 100 million
55%
Zimbabwe10 to 100 million
55%
Kazakhstan10 to 100 million
55%
Mexico100+ million
55%
Iceland0 to 1 million
54%
Fiji0 to 1 million
54%
Guinea-Bissau1 to 10 million
54%
Zambia10 to 100 million
54%
Sri Lanka10 to 100 million
54%
Cape Verde0 to 1 million
53%
Namibia1 to 10 million
53%
Kosovo1 to 10 million
53%
Togo1 to 10 million
53%
Eritrea1 to 10 million
53%
Oman1 to 10 million
53%
Equatorial Guinea1 to 10 million
53%
Cambodia10 to 100 million
53%
Paraguay1 to 10 million
52%
Ivory Coast10 to 100 million
52%
Bahamas0 to 1 million
51%
Bulgaria1 to 10 million
51%
Gabon1 to 10 million
51%
Sierra Leone1 to 10 million
51%
Israel1 to 10 million
51%
Lesotho1 to 10 million
51%
Greece10 to 100 million
51%
Chad10 to 100 million
51%
Philippines100+ million
51%
Cyprus1 to 10 million
50%
Nicaragua1 to 10 million
50%
Austria1 to 10 million
50%
Gambia1 to 10 million
50%
Yemen10 to 100 million
50%
Madagascar10 to 100 million
50%
Turkmenistan1 to 10 million
49%
Bolivia10 to 100 million
49%
Uzbekistan10 to 100 million
49%
Vietnam10 to 100 million
48%
Ethiopia100+ million
48%
Eswatini1 to 10 million
47%
Mauritania1 to 10 million
47%
South Sudan10 to 100 million
47%
Ecuador10 to 100 million
47%
Brunei0 to 1 million
46%
Djibouti1 to 10 million
46%
Hungary1 to 10 million
46%
Portugal10 to 100 million
46%
Belarus1 to 10 million
45%
Nepal10 to 100 million
45%
Egypt100+ million
45%
Botswana1 to 10 million
43%
Bahrain1 to 10 million
43%
Tunisia10 to 100 million
42%
Papua New Guinea1 to 10 million
41%
Libya1 to 10 million
41%
Guatemala10 to 100 million
41%
Burkina Faso10 to 100 million
41%
Belgium10 to 100 million
41%
Laos1 to 10 million
40%
East Timor1 to 10 million
40%
Sweden10 to 100 million
40%
Haiti10 to 100 million
40%
Cuba10 to 100 million
39%
Rwanda10 to 100 million
37%
Democratic Republic of the Congo10 to 100 million
37%
Trinidad and Tobago1 to 10 million
36%
Central African Republic1 to 10 million
35%
Malawi10 to 100 million
35%
Bhutan0 to 1 million
34%
Czech Republic10 to 100 million
34%
Suriname0 to 1 million
33%
Dominican Republic10 to 100 million
32%
Montenegro0 to 1 million
31%
United Arab Emirates10 to 100 million
31%
Guyana0 to 1 million
30%
Guinea10 to 100 million
30%
Belize0 to 1 million
29%
Jordan10 to 100 million
28%
Mauritius1 to 10 million
27%
Azerbaijan10 to 100 million
27%
Burundi10 to 100 million
25%
Honduras10 to 100 million
24%
Republic of the Congo1 to 10 million
23%
Benin10 to 100 million
22%

Score Distribution

Percentile by Number Answered

Percent of People with Each Score

Your Score History

You have not taken this quiz